00281nam a2200121Ia 4500008004100000020001800041041000800059082001100067100001400078245003000092260002900122300000800151230822s2007 xx 000 0 und d a1-84091-427-0 aeng a745.92 aPACKER J. aFLOWERS DESIGN PHILOSOPHY bOCTOPUS PUBLISHINGc2007 a174